00975nam a22002297a 4500999001500000001000600015003000900021005001700030008004100047040003800088082002100126245016200147250001700309260005300326300003300379650003200412700002600444700002500470942001200495952011900507952011900626 c2010d201019180BD-DhUAP20200218164533.0200218s20152012ii ||||| |||| 00| 0 eng d aBD-DhUAPbEngcBD-DhUAPdBD-DhUAP 223a349.5403 LAW aThe law lexicon :bthe encyclopaedic law dictionary with legal maxims, Latin terms and words & phrases /cEdited by P. Ramanatha Aiyer and Shakil Ahmed Khan. a3rd rev. ed. aHaryana :bLexis Nexis,cc2012 [Reptinted 2015]. axxxiii, 1928 pages ;c25 cm. aLaw v DictionarieszIndia. aAiyer, P. Ramanatha.  a Khan, Shakil Ahmed. 2ddccBK 00102ddc4070aUAPCLbUAPCLcGeneral Stacksd2020-02-18o349.5403 LAWp3010019180r2020-02-18t1w2020-02-18yBK 00102ddc4070aUAPCLbUAPCLcGeneral Stacksd2020-02-18o349.5403 LAWp3010019181r2020-02-18t2w2020-02-18yBK